TEXT BOOK OF PEDIATRIC DENTISTRY (Record no. 3339)

MARC details
000 -LEADER
fixed length control field 00355nam a2200145Ia 4500
008 - FIXED-LENGTH DATA ELEMENTS--GENERAL INFORMATION
fixed length control field 150201s2004 xx 000 0 und d
082 ## - DEWEY DECIMAL CLASSIFICATION NUMBER
Classification number 617.645
Item number T2004D
100 ## - MAIN ENTRY--PERSONAL NAME
Personal name DAMLE ,S.G.
245 ## - TITLE STATEMENT
Title TEXT BOOK OF PEDIATRIC DENTISTRY
250 ## - EDITION STATEMENT
Edition statement 2ND
260 ## - PUBLICATION, DISTRIBUTION, ETC. (IMPRINT)
Name of publisher, distributor, etc. ARYA PUBLICATION
Place of publication, distribution, etc. DELHI
Date of publication, distribution, etc. 2004
300 ## - PHYSICAL DESCRIPTION
Extent 1-500
650 ## - SUBJECT ADDED ENTRY--TOPICAL TERM
Topical term or geographic name as entry element PEDODONTICS
942 ## - ADDED ENTRY ELEMENTS (KOHA)
Source of classification or shelving scheme Dewey Decimal Classification
Koha item type Books
Holdings
Withdrawn status Lost status Source of classification or shelving scheme Damaged status Not for loan Home library Current library Date acquired Source of acquisition Cost, normal purchase price Serial Enumeration / chronology SGTU Bill Number Total Checkouts Full call number Barcode Date last seen Bill Date Koha item type Date last checked out
    Dewey Decimal Classification     SGT Dental Library SGT Dental Library 31/01/2006 U.B.S.DELHI 475.00 1 SGTU 825/838   617.645 T2004D FD3587 28/01/2016 04/06/2012 Books  
    Dewey Decimal Classification     SGT Dental Library SGT Dental Library 31/01/2006 U.B.S.DELHI 475.00 1 SGTU 825/838   617.645 T2004D FD3588 09/02/2015 04/06/2012 Books  
    Dewey Decimal Classification     SGT Dental Library SGT Dental Library 31/01/2006 U.B.S.DELHI 475.00 1 SGTU 825/838 1 617.645 T2004D FD3589 09/08/2019 04/06/2012 Books 07/08/2019
    Dewey Decimal Classification     SGT Dental Library SGT Dental Library 31/01/2006 U.B.S.DELHI 475.00 1 SGTU 825/838   617.645 T2004D FD3590 09/02/2015 04/06/2012 Books  
    Dewey Decimal Classification     SGT Dental Library SGT Dental Library 31/01/2006 U.B.S.DELHI 475.00 1 SGTU 825/838 1 617.645 T2004D FD3591 20/08/2021 04/06/2012 Books 18/08/2021